Si preguntan por alguien con mi nombre /
Guardado en:
| Autor principal: | |
|---|---|
| Formato: | Desconocido |
| Lenguaje: | Spanish |
| Publicado: |
Argentina :
Palabra Gráfica y Editora,
1990.
|
| Materias: | |
| Etiquetas: |
Agregar Etiqueta
Sin Etiquetas, Sea el primero en etiquetar este registro!
|
MARC
| LEADER | 000000000a22000000004500 | ||
|---|---|---|---|
| 001 | 003465 | ||
| 020 | |a 9509946125 | ||
| 041 | 0 | |a spa | |
| 082 | 0 | 4 | |a Pa861.4 |b I98s |
| 100 | 1 | |a Izaguirre, Ester de | |
| 245 | 1 | 0 | |a Si preguntan por alguien con mi nombre / |c Ester de Izaguirre. |
| 260 | 1 | |a Argentina : |b Palabra Gráfica y Editora, |c 1990. | |
| 300 | |a 55 páginas ; |c 20 cm. | ||
| 500 | |a Esta biblioteca tiene dos ejemplares de este libro. | ||
| 650 | 4 | |a LITERATURA PARAGUAYA | |
| 650 | 4 | |a POESIA | |
| 999 | |c 9686 |d 9686 | ||
| 942 | |c BK |h Pa861.4 I98s |2 z | ||



